Guess the Taylor Swift Song with No Hints - 6 - Statistics

General Stats
  • This quiz has been taken 50 times
  • The average score is 339 of 422
Answer Stats
Answer % Correct
I
100%
(I
100%
I,
100%
a
97%
And
95%
and
95%
love
95%
me
95%
My
95%
my
95%
the
95%
go
92%
go,
92%
I'm
92%
it
92%
you
92%
you,
92%
You
92%
are
89%
in
89%
(in
89%
it's
89%
It's
89%
now
89%
now,
89%
(Now
89%
that
89%
this
89%
to
89%
be
87%
but
87%
But
87%
by
87%
of
87%
see
87%
as
84%
at
84%
Like
84%
like
84%
so
84%
daylight,
82%
daylight
82%
(daylight),
82%
(daylight)
82%
daylight),
82%
don't
82%
never
82%
not
82%
Not
82%
only
82%
was
82%
all
79%
All
79%
been
79%
I've
79%
There
79%
wanna
79%
what
79%
would
79%
can
76%
I'll
76%
(Things
76%
things
76%
think
76%
dark
74%
Just
74%
just
74%
look
74%
night
74%
same)
74%
anything
71%
(black
71%
cruel
71%
else
71%
golden
71%
light
71%
once
71%
saw
71%
thought
71%
white)
71%
will
71%
let
68%
looked
68%
many
68%
mind)
68%
20
66%
away)
66%
believed
66%
cities
66%
good
66%
lived
66%
long
66%
our
66%
sleeping
66%
still
66%
town
66%
year
66%
every
63%
joke
63%
out
63%
with
63%
became
61%
hate
61%
into
61%
worse
61%
afraid
58%
because
58%
Everyone
58%
goodbye
58%
(intertwined)
58%
room
58%
smoke
58%
unforgiven
58%
unlucky
58%
wicked
58%
down
55%
Maybe
55%
tell
55%
trusted
55%
truth,
55%
wounded
55%
air,
53%
breathed
53%
brighter
53%
butt
53%
Clearing
53%
daggers
53%
defined
53%
draw
53%
lines
53%
Luck
53%
middle
53%
morning
53%
ran
53%
single
53%
crossed
50%
draws
50%
gotta
50%
stormed
50%
awake)
47%
refused
47%
settle
47%
step
47%
wide
47%
wolves
47%
haunt
45%
(ah)
42%
Threw
39%
cloaks
37%
No matching quizzes found
Score Distribution
Percent of People with Each Score
Percentile by Number Answered
Your Score History
You have not taken this quiz